000
00321nam a2200133Ia 4500
008
220204s9999 xx 000 0 und d
082
_a
031
_b
CRO
100
_a
Cowden, D J
245
0
_a
Applied general statistics
250
_a
Ed.2
260
_a
New Delhi
_b
Prentice Hall
_c
1966
700
_a
Croxton, F E
942
_c
BK
999
_c
20879
_d
20879